Compendio de resistencia de materiales: su aplicación a órganos de máquinas y a la construcción, con una introducción al cálculo del hormigón armado

Uloženo v:
Podrobná bibliografie
Hlavní autor: Rubio Sanjuán, Isidoro (Autor)
Médium: Kniha
Jazyk:španělština
Vydáno: Barcelona Labor 1936
Témata:
Tagy: Přidat tag
Žádné tagy, Buďte první, kdo vytvoří štítek k tomuto záznamu!

MARC

LEADER 00000nam a2200000 a 4500
001 UCP2793
003 CL-VaPUC
008 990531e19360000SP |||||||||||||||||spa|d
082 0 4 |a 620.112  |b RUB  |2 21 
100 0 |a Rubio Sanjuán, Isidoro  |e author  |9 429757 
245 1 0 |a Compendio de resistencia de materiales: su aplicación a órganos de máquinas y a la construcción, con una introducción al cálculo del hormigón armado 
300 |a 477 p 
942 |c BK 
945 |d 19990531 00:00:00  |a cmena 
260 |a Barcelona  |b Labor  |c 1936 
650 0 |a Resistencia de materiales  |9 260095 
650 0 |a Propiedades mecánicas   |9 262507 
650 7 |a HORMIGON ARMADO  |2 CL-VaPUC  |9 429758 
583 |a last modification  |c 19990531 00:00:00  |k Rodrigo Vera 
999 |c 281263  |d 281261